000 00301nam a2200109Ia 4500
008 220623s9999 xx 000 0 und d
020 _a9780716614029
082 _aJR 577.7 OCEA
100 _aNO AUTHOR EDITORS ONLY
245 0 _aWORLD BOOK OCEANS,ISLAND AND POLAR REGION (LIVING GREEN)
942 _cBK
_w561
_xJohn Tresidder
_y561
_zJohn Tresidder
999 _c677935
_d677934